000 00586nam a2200193Ia 4500
001 7535
003 GE_BSU
008 181216s||||||||xx |||||||||||||| ||und||
040 _cGE_BSU
080 _a621.317(035.5)
245 _aИзмерения в электронике. Т.2.
245 _cРедактор-составитель: Б.А. Доброхотов, ред. В.В.Енютин.
260 _aМ.-Л.
260 _bЭнергия.
260 _c1965.
300 _a240стр. 27 см. с илл.
653 _aИзмерения в электронике.
942 _cBK
999 _c40891
_d40891